00993nam a22001817a 4500003000200000005001700002008004100019020002300060050002900083245035000112260006200462300005100524500003800575504005100613650006000664650004400724650004300768020250820151754.0250820b xxu||||| |||| 00| 0 eng d a 978-0-19-842699-8 aTR IB QA 11.2b.M38 2019 aMathematics: bApplications and Interpretation /cPaul Belcher, Jennifer Chang Wathall, Suzanne Doering, Phil Duxbury, Panyiotis Economopoulos, Jane Forrest, Peter Gray, Tony Halsey, David Harris, Lorraine Heinrichs, Ed Kemp, Paul La Rondie, Palmira Mariz Seiler, Michael Ortman, Nuriye Sirinoglu Singh, Nadia Stoyanova Kennedy, & Paula Waldman. aOxford, United Kingdom :bOxford University Press,c2025. ax, 678 pages :bcolor illustrations ;c26 cm.  aStandard Level Course Companion. aIncludes bibliographical references and index. aMathematicsvStudy and teaching (Secondary)vTextbooks. aInternational BaccalaureatevTextbooks. aMathematicsvProblems, exercises, etc.